[Event "Fuerstenfeld U18 op 6th"]
[Site "Fuerstenfeld"]
[Date "2023.07.23"]
[Round "7"]
[White "Mayer, Moritz"]
[Black "Mensah, Liam"]
[Result "0-1"]
[WhiteElo "1072"]
[BlackElo "1228"]
[PlyCount "56"]
[EventDate "2023.07.20"]
[EventType "swiss"]
[EventRounds "7"]
[EventCountry "AUT"]
[SourceTitle "CBM 215 Extra"]
[Source "ChessBase"]
[SourceDate "2023.09.30"]
[SourceVersion "1"]
[SourceVersionDate "2023.09.30"]
[SourceQuality "1"]

1. e4 c5 2. Nf3 Nc6 3. d4 cxd4 4. Nxd4 Nf6 5. Nxc6 bxc6 6. Nc3 d6 7. Bd3 g6 8. 0-0 Bg7 9. Re1 e5 10. Be3 Ng4 11. Qd2 Nxe3 12. Qxe3 0-0 13. a3 Kh8 14. Rad1 f5 15. Bc4 fxe4 16. Nxe4 d5 17. Nc5 Qb6 18. Bxd5 cxd5 19. Rxd5 Qxb2 20. Qd3 Bf5 21. Qg3 Qxc2 22. Qg5 Be6 23. Qd2 Qxd2 24. Rxd2 Bf5 25. h3 Rac8 26. Nd7 Rfd8 27. Red1 Bc2 28. Rc1 Bh6 0-1

[Event "Fuerstenfeld U18 op 6th"]
[Site "Fuerstenfeld"]
[Date "2023.07.21"]
[Round "3"]
[White "Fuertler, Oliver"]
[Black "Mensah, Liam"]
[Result "1-0"]
[WhiteElo "1805"]
[BlackElo "1228"]
[PlyCount "33"]
[EventDate "2023.07.20"]
[EventType "swiss"]
[EventRounds "7"]
[EventCountry "AUT"]
[SourceTitle "CBM 215 Extra"]
[Source "ChessBase"]
[SourceDate "2023.09.30"]
[SourceVersion "1"]
[SourceVersionDate "2023.09.30"]
[SourceQuality "1"]

1. e4 c5 2. Nf3 Nc6 3. d4 cxd4 4. Nxd4 d6 5. Nc3 Bd7 6. Be3 Nf6 7. f3 g6 8. Qd2 Bg7 9. 0-0-0 a6 10. Nxc6 bxc6 11. Bh6 0-0 12. h4 Qb6 13. h5 c5 14. Bxg7 Kxg7 15. hxg6 fxg6 16. Bc4 Rh8 17. Qh6# 1-0

[Event "Styrian op U08/12 25th"]
[Site "Mureck"]
[Date "2018.08.04"]
[Round "4"]
[White "Mensah, Liam"]
[Black "Lackner, Simon"]
[Result "1-0"]
[WhiteElo "843"]
[BlackElo "1009"]
[PlyCount "53"]
[EventDate "2018.08.01"]
[EventType "swiss"]
[EventRounds "9"]
[EventCountry "AUT"]
[SourceTitle "CBM 186 Extra"]
[Source "ChessBase"]
[SourceDate "2018.08.24"]
[SourceVersion "1"]
[SourceVersionDate "2018.08.24"]
[SourceQuality "1"]

1. e4 e5 2. Nf3 Nc6 3. Nc3 Bb4 4. a3 Bxc3 5. dxc3 a6 6. Be3 h6 7. Bd3 Nf6 8. 0-0 0-0 9. h3 d5 10. Bc5 Ne7 11. exd5 Nfxd5 12. Qe2 b6 13. Qe4 Bf5 14. Qxe5 bxc5 15. Bxf5 Nxf5 16. Qxf5 Ne7 17. Qxc5 Rb8 18. Rfd1 Qe8 19. b4 Rd8 20. Qxc7 Rxd1+ 21. Rxd1 Nf5 22. Ne5 Qa4 23. Rd8 Rxd8 24. Qxd8+ Kh7 25. Nxf7 Kg6 26. Ne5+ Kh5 27. g4# 1-0